<?xml version="1.0" encoding="UTF-8"?>
<record
    xmlns:xsi="http://www.w3.org/2001/XMLSchema-instance"
    xsi:schemaLocation="http://www.loc.gov/MARC21/slim http://www.loc.gov/standards/marcxml/schema/MARC21slim.xsd"
    xmlns="http://www.loc.gov/MARC21/slim">

  <leader>01183nab a2200217 i 4500</leader>
  <controlfield tag="001">BPP</controlfield>
  <controlfield tag="003">BPK</controlfield>
  <controlfield tag="005">20190717124549.0</controlfield>
  <controlfield tag="008">150314s1987    pl  |  |     |000 ||pol</controlfield>
  <datafield tag="040" ind1=" " ind2=" ">
    <subfield code="c">BPK</subfield>
  </datafield>
  <datafield tag="080" ind1=" " ind2=" ">
    <subfield code="a">624.15</subfield>
  </datafield>
  <datafield tag="100" ind1=" " ind2=" ">
    <subfield code="a">FILIPKOWSKI, Jan.</subfield>
    <subfield code="d">1982 - 1996.</subfield>
    <subfield code="b">Wy&#x17C;sza Szko&#x142;a In&#x17C;ynierska w Koszalinie -  Wydzia&#x142; In&#x17C;ynierii L&#x105;dowej i Sanitarnej,</subfield>
    <subfield code="c">Zak&#x142;ad Mechaniki Budowli</subfield>
  </datafield>
  <datafield tag="245" ind1=" " ind2=" ">
    <subfield code="a">O drganiach fundament&#xF3;w blokowych przy wsp&#xF3;&#x142;dzia&#x142;aniu z liniowo-spr&#x119;&#x17C;ystym pod&#x142;o&#x17C;em /</subfield>
    <subfield code="c">Jan Filipkowski.</subfield>
  </datafield>
  <datafield tag="260" ind1=" " ind2=" ">
    <subfield code="c">1987.</subfield>
  </datafield>
  <datafield tag="500" ind1=" " ind2=" ">
    <subfield code="a">Dane z autopsji.</subfield>
  </datafield>
  <datafield tag="520" ind1=" " ind2=" ">
    <subfield code="a">W pracy omawia si&#x119; problemy zagadnienia wsp&#xF3;&#x142;pracy dynamicznej konstrukcji w postaci nieodkszta&#x142;calnej bry&#x142;y z odkszta&#x142;calnym liniowo-spr&#x119;&#x17C;ystym pod&#x142;o&#x17C;em. Na wst&#x119;pie autor przedstawia problematyk&#x119; w kt&#xF3;rej takie zagadnienia maj&#x105; miejsce i precyzuje role i znaczenie interakcji dynamicznej fundament blokowy - odkszta&#x142;calne pod&#x142;o&#x17C;e przy obci&#x105;&#x17C;eniu harmonicznie zmiennym czasie.</subfield>
  </datafield>
  <datafield tag="650" ind1=" " ind2="0">
    <subfield code="a">Fundamenty.</subfield>
  </datafield>
  <datafield tag="650" ind1=" " ind2="0">
    <subfield code="a">Drgania</subfield>
  </datafield>
  <datafield tag="773" ind1=" " ind2=" ">
    <subfield code="i">W :</subfield>
    <subfield code="t">Zeszyty Naukowe Politechniki Gda&#x144;skiej. -</subfield>
    <subfield code="g">1987, z. 408, s. 49-69. -</subfield>
    <subfield code="k">Budownictwo L&#x105;dowe ; nr 44</subfield>
  </datafield>
  <datafield tag="942" ind1=" " ind2=" ">
    <subfield code="c">ART</subfield>
    <subfield code="2">UKD</subfield>
  </datafield>
  <datafield tag="999" ind1=" " ind2=" ">
    <subfield code="c">6303</subfield>
    <subfield code="d">6303</subfield>
  </datafield>
</record>
